European Capitals - Statistics

General Stats
  • This quiz has been taken 58 times
  • The average score is 31 of 44
Answer Stats
Answer Country % Correct
London United Kingdom
94%
Madrid Spain
94%
Berlin Germany
89%
Monaco Monaco
89%
Paris France
89%
Rome Italy
89%
Amsterdam Netherlands
83%
Athens Greece
83%
Brussels Belgium
83%
Lisbon Portugal
83%
Prague Czechia
83%
Tirana Albania
83%
Vatican City Vatican
83%
Vienna Austria
83%
Warsaw Poland
83%
Dublin Ireland
78%
Minsk Belarus
78%
Moscow Russia
78%
Oslo Norway
78%
Sofia Bulgaria
78%
Copenhagen Denmark
72%
Kyiv Ukraine
72%
Luxembourg Luxembourg
72%
San Marino San Marino
72%
Tallinn Estonia
72%
Zagreb Croatia
72%
Helsinki Finland
67%
Reykjavik Iceland
67%
Stockholm Sweden
67%
Vaduz Liectenstein
67%
Valletta Malta
67%
Andorra la Vella Andorra
61%
Bern Switzerland
61%
Bucharest Romania
61%
Budapest Hungary
61%
Riga Latvia
61%
Vilnius Lithuania
61%
Sarajevo Bosnia
56%
Belgrade Serbia
50%
Skopje North Macedonia
50%
Bratislava Slovakia
44%
Ljubljana Slovenia
39%
Podgorica Montenegro
39%
Chisinau Moldova
28%
No matching quizzes found
Score Distribution
Percent of People with Each Score
Percentile by Number Answered
Your Score History
You have not taken this quiz